Desarrollo de una interfaz gráfica y un controlador en LabVIEW para el simulador de procesos DAC 610
Zapisane w:
| 1. autor: | |
|---|---|
| Format: | Książka |
| Wydane: |
[San José, Costa Rica]
2010
|
| Hasła przedmiotowe: | |
| Etykiety: |
Dodaj etykietę
Nie ma etykietki, Dołącz pierwszą etykiete!
|
MARC
| LEADER | 00000nam a2200000Ia 4500 | ||
|---|---|---|---|
| 003 | 010473 | ||
| 005 | 20221231144028.0 | ||
| 008 | 140114s2010 cr a 000 0 s d | ||
| 040 | |c cru CEDI | ||
| 090 | |a TFG 6356 | ||
| 100 | |a Fonseca Picado, Allan Arturo |9 1722 | ||
| 245 | |a Desarrollo de una interfaz gráfica y un controlador en LabVIEW para el simulador de procesos DAC 610 | ||
| 260 | |c 2010 |b [San José, Costa Rica] | ||
| 500 | |a "IE - 0502 Proyecto Eléctrico" Proyecto de graduación (bachillerato en ingeniería eléctrica)--Universidad de Costa Rica. Facultad de Ingeniería. Escuela de Ingeniería Eléctrica | ||
| 650 | |x CONTROLADORES PID |x CONTROL AUTOMATICO |x CONTROLADORES LOGICOS PROGRAMABLES |x INTERFASES GRAFICAS CON EL USUARIO (SISTEMAS PARA COMPUTADORA) |x SIMULACION POR COMPUTADORA |9 2606 | ||
| 942 | |c TFG | ||
| 999 | |c 15849 |d 15849 | ||
